000 00631nam a2200205Ia 4500
008 131103s9999 xx 000 0 und d
040 _aLoreto College
041 _aEnglish
082 _a949.2/MAC
_bLCLIB/
100 _aMacgregor,Mary
245 4 _aThe Netherlands
_cMary Macgregor; with twelve reproductions from original coloured drawings by A.D.M. Cormick
260 _aLondon
_bT.C.& E.C.Jack, Ltd.
_c[19 - ?]
300 _axiii,349 p.
_b ill.
_c 20 cm.
440 _aRomance In History Series
504 _aIncludes index
650 _aNetherland History
700 _aM'Cormick,A.D.
850 _aLCLIB
942 _cBK
999 _c8318
_d58797